La diosa blanca (Registro nro. 34690)
[ vista simple ]
| 000 -LEADER | |
|---|---|
| campo de control de longitud fija | 00949nam a2200253 i 4500 |
| 001 - NÚMERO DE CONTROL | |
| campo de control | 34690 |
| 003 - IDENTIFICADOR DE NÚMERO DE CONTROL | |
| campo de control | ES-MaACL |
| 005 - FECHA Y HORA DE LA ÚLTIMA TRANSACCIÓN | |
| campo de control | 20250804062557.0 |
| 007 - CAMPO FIJO DE DESCRIPCIÓN FÍSICA--INFORMACIÓN GENERAL | |
| campo de control de longitud fija | t| |
| 008 - DATOS DE LONGITUD FIJA--INFORMACIÓN GENERAL | |
| campo de control de longitud fija | 150918s1986 sp ||||1| spa d |
| 020 ## - NÚMERO INTERNACIONAL ESTÁNDAR DEL LIBRO | |
| Número Internacional Estándar del Libro | 84-206-9806-7 |
| 100 1# - ENTRADA PRINCIPAL--NOMBRE DE PERSONA | |
| Nombre de persona | Graves, Robert. |
| 9 (RLIN) | 59783 |
| 245 13 - MENCIÓN DEL TÍTULO | |
| Título | La diosa blanca |
| Resto del título | : gramática histórica del mito poético / |
| Mención de responsabilidad, etc. | Robert Graves ; [traductor, Luis Echávarri]. |
| 250 ## - MENCION DE EDICION | |
| Mención de edición | [2ª reimp. en "El Libro de bolsillo"]. |
| 260 ## - PUBLICACIÓN, DISTRIBUCIÓN, ETC. | |
| Lugar de publicación, distribución, etc. | Madrid : |
| Nombre del editor, distribuidor, etc. | Alianza Editorial, |
| Fecha de publicación, distribución, etc. | imp. 1986. |
| 300 ## - DESCRIPCIÓN FÍSICA | |
| Extensión | 2 v. (703 p.) ; |
| Dimensiones | 18 cm. |
| 490 1# - MENCIÓN DE SERIE | |
| Mención de serie | El Libro de bolsillo ; Sección Humanidades ; |
| Designación de volumen o secuencia | 948-949 |
| 650 #4 - PUNTO DE ACCESO ADICIONAL DE MATERIA--TÉRMINO DE MATERIA | |
| Término de materia o nombre geográfico como elemento de entrada | Mito- |
| Subdivisión general | En la literatura. |
| 9 (RLIN) | 157253 |
| 650 #4 - PUNTO DE ACCESO ADICIONAL DE MATERIA--TÉRMINO DE MATERIA | |
| Término de materia o nombre geográfico como elemento de entrada | Poesía irlandesa- |
| Subdivisión general | Historia y crítica. |
| 9 (RLIN) | 157254 |
| 700 0# - ENTRADA AGREGADA--NOMBRE PERSONAL | |
| Nombre de persona | Echávarri, Luis. |
| 9 (RLIN) | 46507 |
| 830 03 - PUNTO DE ACCESO ADICIONAL DE SERIE-TÍTULO UNIFORME | |
| Título uniforme | El libro de bolsillo. |
| Nombre de parte o sección de la obra | Humanidades |
| Designación de volumen o secuencia | 948-949 |
| 9 (RLIN) | 178672 |
| 852 ## - LOCALIZACIÓN | |
| Ubicación | ES-MaACL |
| Número de control de estantería | L-30149-50 |
| Nota libre | .- Donat. Miguel A. Velasco |
| Estatus retirado | Estado de pérdida | Estado de daño | No para préstamo | Biblioteca de origen | Biblioteca actual | Ubicación en estantería | Fecha de adquisición | Fuente de adquisición | Total de préstamos | Signatura topográfica completa | Código de barras | Visto por última vez | Precio de reemplazo | Tipo de ítem Koha |
|---|---|---|---|---|---|---|---|---|---|---|---|---|---|---|
| Biblioteca del Ateneo de Madrid | Biblioteca del Ateneo de Madrid | Depósito 2 | 18/08/2015 | L-30149-50 | 1194031 | 23/02/2023 | 23/02/2023 | Libro impreso |
